00393nam a2200109Ia 4500008004100000082002000041100002500061245007500086260004000161630001800201650006400219211109s9999||||xx |||||||||||||| ||und|| a894.8124bKUT-K aKuttikrishna Marar,  0aKala Geevitham Thanne Sul Ed By Marar Shashtipoorthi Smaraha Committee bNational Book StallaKottayamc1965 xGeneral Stack aMalayalam LiteraturevMalayalam EssaysLiteraturexGeneralia